000
00256nam a2200097Ia 4500
001
653866
005
20250826154506.0
008
250824s9999 xx 000 0 und d
245
0
_a
UZAYDA BİR YATILI OKUL
_c
SUZAN GERİDÖNMEZ
260
_b
GÜNIŞIĞI YAYINLARI
999
_c
653866
_d
653866